000 00732nam a22002657a 4500
008 130428b xxu||||| |||| 00| 0 eng d
020 _a81 203 1618 5
024 _cAvailable
037 _cAvailable
082 _222
_a001.64 CHD
100 _aD. Chanda B
110 _aDutta Majumder
245 _aDigital Image Processing and Analysis.
260 _aNew Delhi
_bPrentice -Hall of India
_c2005
300 _a23 cm
_b364 Page
_f5
_g23 cm
600 _aDigital Image Processing Computer.
610 _aDutta Majumder
650 _2MBSTU LIBRARY
700 _aD. Chanda B
710 _aDutta Majumder
270 _aNew Delhi
_bNew Delhi
_dIndia
365 _b425.00
_d425.00
942 _2ddc
_cBK
999 _c267
_d267